000 00568cam a22002291 4500
001 sa 66001729
003 DLC
005 20260227112224.0
008 941027s1965 ii ac 000 0 beno
010 _asa 66001729
025 _aPL480:EP-B-969
035 _a(OCoLC)31368343
040 _aDLC
_cCU
_dCU
_dDLC
042 _apremarc
050 0 0 _aDS481.J49
_bA63
100 0 _aAbdul Mannan.
245 1 0 _aMādāre millāta.
260 _c[1965]
300 _a2, 134 p.
_billus., ports.
_c22 cm.
500 _aIn Bengali.
600 1 0 _aJinnah, Fatima,
_d1894-1967.
999 _c67950
_d67950